| 000 | 00000nam 2200000zi 4500 |
| 001 | 9.928818 |
| 003 | CaOODSP |
| 005 | 20231211144223 |
| 006 | m o d f |
| 007 | cr cn||||||||| |
| 008 | 231016e202311 onca ob f000 0 eng d |
| 020 | |a9780660682983 |
| 040 | |aCaOODSP|beng|erda|cCaOODSP |
| 043 | |an-cn--- |
| 086 | 1 |aFs70-6/2023-043E-PDF |
| 245 | 00|aEnvironmental and indirect human health risk assessment of GloFish Starfire Red, Electric Green, Sunburst Orange, and Galactic Purple Barbs (PuntiGrus tetrazona) : |btransgenic ornamental fish. |
| 264 | 1|aOttawa : |bCanadian Science Advisory Secretariat, |cNovember 2023. |
| 264 | 4|c©2023 |
| 300 | |a1 online resource (26 pages) : |billustrations. |
| 336 | |atext|btxt|2rdacontent |
| 337 | |acomputer|bc|2rdamedia |
| 338 | |aonline resource|bcr|2rdacarrier |
| 490 | 1 |aScience advisory report, |x1919-5087 ; |v2023/043 |
| 500 | |aCaption title. |
| 500 | |aIssued also in French under title: Évaluation des risques pour l'environnement et des risques indirects pour la santé humaine posés par les barbus puntigrus tetrazona glofish, starfire red, electric green, sunburst orange et galactic purple : des poissons d'ornement transgéniques. |
| 500 | |aTitle appears with a trademark symbol after each fish listed. |
| 504 | |aIncludes bibliographical references (pages 18-21). |
| 650 | 0|aTransgenic fish|xEnvironmental aspects|zCanada. |
| 650 | 0|aTransgenic fish|xHealth aspects|zCanada. |
| 650 | 0|aTransgenic fish|xRisk assessment|zCanada. |
| 710 | 2 |aCanadian Science Advisory Secretariat, |eissuing body. |
| 710 | 1 |aCanada. |bDepartment of Fisheries and Oceans. |bNational Capital Region, |eissuing body. |
| 775 | 08|tÉvaluation des risques pour l'environnement et des risques indirects pour la santé humaine posés par les barbus puntigrus tetrazona glofish, starfire red, electric green, sunburst orange et galactic purple : |w(CaOODSP)9.928819 |
| 830 | #0|aScience advisory report (Canadian Science Advisory Secretariat)|x1919-5087 ; |v2023/043.|w(CaOODSP)9.506226 |
| 856 | 40|qPDF|s577 KB|uhttps://publications.gc.ca/collections/collection_2023/mpo-dfo/fs70-6/Fs70-6-2023-043-eng.pdf |